000 00474nam a22001817a 4500
003 CEME
005 20210628202645.0
008 210210b xxu||||| |||| 00| 0 eng d
020 _a0-471-48705-8
040 _c.
082 _a658.84 ELL
100 _aElliot, Steve
_960943
245 _aElectronic commerce b2c strategies and model
260 _aENGLAND
_bJOHN WILEY
_c2002
300 _aX,350P
650 _aE-COMMERCE; ELECTRONIC COMMERCE
_960944
942 _cBK
_2ddc
999 _c570540
_d570540